Dlhopisový trh eurozóny v súčasnom období diplomová práca

Gespeichert in:
Bibliographische Detailangaben
1. Verfasser: Petrovičová, Lenka
Körperschaft: Národohospodárska fakulta EU. Katedra bankovníctva a medzinárodných financií
Weitere Verfasser: Chovancová, Božena
Format: Buch
Sprache:Slowakisch
Veröffentlicht: Bratislava 2011
Tags: Tag hinzufügen
Keine Tags, Fügen Sie das erste Tag hinzu!

MARC

LEADER 00000nbm a2200000 4500
001 0130582
005 20161109101551.9
041 0 |a slo 
044 |a SK 
245 1 0 |a Dlhopisový trh eurozóny v súčasnom období  |b diplomová práca  |c Lenka Petrovičová ; školiteľ: Božena Chovancová 
264 1 |a Bratislava  |c 2011 
300 |a 74 s. 
100 1 |a Petrovičová, Lenka 
700 1 |a Chovancová, Božena 
710 2 |a Národohospodárska fakulta EU. Katedra bankovníctva a medzinárodných financií